01012nam a2200289 i 4500001000300000003000900003005001700012008003900029015001700068040004800085046000900133080000800142080001600150245006900166250002500235260005600260300004200316380001700358504002600375521006100401658003000462650001300492655005000505700002700555710004200582856009800624bgKOSZ 00520200630132822.0080127s1966 pl a f f 000 0 pol aPB 1966/9976 aWA NcKOSZ 005/RWdKOSZ 005/RWdKOSZ 005/HR k1966 a528 a(075.8+076)00aĆwiczenia z geodezji wyższej /c[aut. Edmund Bilski et al.]. aWyd. 2 popr. i uzup. aWarszawa :bPaństwowe Wydawnictwo Naukowe,c1966. a688 s., [6] k. tabl. :bil. ;c24 cm. aKsiążki. aBibliogr. przy rozdz.8 aSkrypt dla studentów wyższych szkół technicznych. aGeografia i nauki o Ziemi 4aGeodezja 4aĆwiczenia i zadania dla szkół wyższych1 aBilski, Edmund.eAutor2 aPaństwowe Wydawnictwo Naukowe4pbl. uhttp://koha.tu.koszalin.pl/cgi-bin/koha/opac-detail.pl?biblionumber=10982yKatalog online BPK